The Opioid Epidemic In the United States - Statistics

General Stats
  • This quiz has been taken 17 times
  • The average score is 8 of 15
Answer Stats
Hint Answer % Correct
Country through which it is smuggled Mexico
85%
In this war 10-15% of the soldiers were addicted to heroin Vietnam War
85%
In the U.S., if you're poor and in pain, don't expect your ______ to pay for anything but a pill Insurance
77%
Recently drugs are being laced with this opioid without the knowledge of the user Fentanyl
69%
Country of origin for the majority of this drug in the United States China
54%
Rock star who died in 1970 from a heroin overdose; recorded 'Mercedes Benz' Janis Joplin
54%
In which unit are lethal doses of this drug reported? Milligram
54%
Singer who died from heroin laced with this drug; recorded 'Purple Rain' Prince
54%
Pharmaceutical company that marketed heroin as cough medicine in 1898 Bayer
46%
Polysubstance drink made from cough syrup and originated in Houston Lean
46%
This pharmaceutical company lied about the addiction risk of OxyContin being below 1% Purdue
46%
Rapper who died from a oxycodone and codeine overdose in 2019 Juice Wrld
38%
Neighborhood of San Francisco known for open air drug use and sale and homelessness Tenderloin
38%
Most heroin addicts started with this kind of drug {Prescription} drug
31%
Out of 100,000 how many Americans died from synthetic opioids in 2021? 15
23%
No matching quizzes found
Score Distribution
Percent of People with Each Score
Percentile by Number Answered
Your Score History
You have not taken this quiz